LEADER 02765nam 2200757 a 450 001 9910454834403321 005 20200520144314.0 010 $a1-84964-504-3 010 $a1-281-73313-X 010 $a9786611733131 010 $a0-585-43377-1 035 $a(CKB)111056486517368 035 $a(SSID)ssj0000224849 035 $a(PQKBManifestationID)11194139 035 $a(PQKBTitleCode)TC0000224849 035 $a(PQKBWorkID)10210088 035 $a(PQKB)11242558 035 $a(MiAaPQ)EBC3386546 035 $a(Au-PeEL)EBL3386546 035 $a(CaPaEBR)ebr10480190 035 $a(OCoLC)51066893 035 $a(EXLCZ)99111056486517368 100 $a19990222d1999 uy 0 101 0 $aeng 135 $aurcn||||||||| 181 $ctxt$2rdacontent 182 $cc$2rdamedia 183 $acr$2rdacarrier 200 00$aPost-colonial literatures$b[electronic resource] $eexpanding the canon /$fedited by Deborah L. Madsen 210 $aLondon ;$aSterling, Va. $cPluto Press$d1999 215 $a1 online resource (vii, 237 p. $cill.) 225 0 $aReconfigurations--critical readings in post-colonialism Post-colonial literatures 300 $aBibliographic Level Mode of Issuance: Monograph 311 $a0-7453-1510-0 311 $a0-7453-1515-1 320 $aIncludes bibliographical references and index. 606 $aCommonwealth literature (English)$xHistory and criticism 606 $aLiterature and society$zEnglish-speaking countries$xHistory$y20th century 606 $aAmerican literature$xMinority authors$xHistory and criticism 606 $aEnglish literature$zForeign countries$xHistory and criticism 606 $aEnglish literature$y20th century$xHistory and criticism 606 $aPostcolonialism in literature 606 $aDecolonization in literature 606 $aEthnic groups in literature 606 $aMinorities in literature 606 $aCanon (Literature) 608 $aElectronic books. 615 0$aCommonwealth literature (English)$xHistory and criticism. 615 0$aLiterature and society$xHistory 615 0$aAmerican literature$xMinority authors$xHistory and criticism. 615 0$aEnglish literature$xHistory and criticism. 615 0$aEnglish literature$xHistory and criticism. 615 0$aPostcolonialism in literature. 615 0$aDecolonization in literature. 615 0$aEthnic groups in literature. 615 0$aMinorities in literature. 615 0$aCanon (Literature) 676 $a820.9/9171241 701 $aMadsen$b Deborah L$0550192 801 0$bMiAaPQ 801 1$bMiAaPQ 801 2$bMiAaPQ 906 $aBOOK 912 $a9910454834403321 996 $aPost-colonial literatures$91938570 997 $aUNINA LEADER 03356oam 2200601I 450 001 996202204103316 005 20170815141958.0 010 $a1-134-93768-7 010 $a1-138-17301-0 010 $a1-134-93769-5 010 $a1-280-05629-0 010 $a0-203-39835-1 024 7 $a10.4324/9780203398357 035 $a(CKB)1000000000254262 035 $a(EBL)179188 035 $a(OCoLC)252899159 035 $a(SSID)ssj0000083612 035 $a(PQKBManifestationID)11126113 035 $a(PQKBTitleCode)TC0000083612 035 $a(PQKBWorkID)10147681 035 $a(PQKB)11326837 035 $a(MiAaPQ)EBC179188 035 $a(EXLCZ)991000000000254262 100 $a20180706d1992 uy 0 101 0 $aeng 135 $aur|n|---||||| 181 $ctxt 182 $cc 183 $acr 200 10$aTelevision, audiences, and cultural studies /$fDavid Morley 210 1$aLondon ;$aNew York :$cRoutledge,$d1992. 215 $a1 online resource (331 p.) 300 $aDescription based upon print version of record. 311 $a0-203-40014-3 311 $a0-415-05445-1 320 $aIncludes bibliographical references (p. [297]-311) and index. 327 $aBook Cover; Title; Contents; Acknowledgements; Introduction; Theoretical frameworks; Television audience research: a critical history; Psychoanalytic theories: texts, readers and subjects; Class, ideology and interpretation; Interpreting television: the Nationwide audience; The 'Nationwide' Audience: a critical postscript; Gender, domestic leisure and viewing practices; Research development: from 'decoding' to viewing context; The gendered framework of family viewing; From Family Television to a sociology of media consumption; Methodological issues 327 $aTowards an ethnography of the television audienceTelevision, technology and consumption; Domestic communication: technologies and meanings (with Roger Silverstone); The consumption of television as a commodity; Private worlds and gendered technologies; Between the private and the public; The construction of everyday life: political communication and domestic media; Where the global meets the local: notes from the sitting-room; Notes; Bibliography; Index 330 $aTelevision, Audiences and Cultural Studies presents a multi-faceted exploration of audience research, in which David Morley draws on a rich body of empirical work to examine the emergence, development and future of television audience research. In addition to providing an introductory overview from a cultural studies perspective, David Morley questions how class and cultural differences can affect how we interpret television, the significance of gender in the dynamics of domestic media consumption, how the media construct the `national family', and how small-scale ethnographic stu 606 $aTelevision broadcasting$xSocial aspects 606 $aTelevision viewers$xResearch 608 $aElectronic books. 615 0$aTelevision broadcasting$xSocial aspects. 615 0$aTelevision viewers$xResearch. 676 $a302.23/45 676 $a302.2345 700 $aMorley$b David$f1949-,$0163909 801 0$bFlBoTFG 801 1$bFlBoTFG 906 $aBOOK 912 $a996202204103316 996 $aTelevision, audiences, and cultural studies$92139566 997 $aUNISA